000 00593nam a2200181 i 4500
001 55569
003 ES-MaACL
005 20250703063102.0
007 t|
008 030923s1977 sp ||||1| spa d
100 1 _aDescartes, René,
_d1596-1650
_943838
245 1 0 _aMeditaciones metafísicas con objeciones y respuestas /
_cRené Descartes ; introducción, traducción y notas Vidal Peña.
260 _a[Madrid] :
_bAlfaguara,
_c[1977]
300 _aLVII, 466 p. ;
_c22 cm.
700 1 _aPeña, Vidal.
_990248
852 _aES-MaACL
_jA-8302
_bR.97094
999 _c55569
_d55569